000 00292nam a22001097a 4500
040 _cSCME
100 _aZdravko I.Botev
_992090
245 _aData science and machine learning (mathematical and statistical methods)
260 _aCRC Press
_bLondon
_c2020
300 _a513p.
942 _2ddc
_cBK
999 _c590198
_d590198